000 00343nam a22001457a 4500
008 221108b ||||| |||| 00| 0 eng d
020 _a2740146628512
041 _aeng
080 _2SECOND EDITION
_a612.39
082 _a612.39 GRO
100 _a16.2
101 _aNUTRI
245 _aVISUALIZING NUTRITION
_cGROSVENOR M
942 _2udc
_cBK
999 _c58801
_d58801